Harry Potter General Knowledge - Statistics

General Stats
  • This quiz has been taken 81 times
  • The average score is 22 of 25
Answer Stats
Hint Answer % Correct
What is the name of Harry's school? Hogwarts
99%
What house was Harry a part of? Gryffindor
97%
Who is Harry's female best friend? Hermione Granger
97%
Who is Harry's male best friend? Ron Weasley
97%
Who is the headteacher during Harry's time at school? Albus Dumbledore
96%
Who does Harry marry? Ginny Weasley
96%
How many books are there? 7
94%
How many Weasleys are there? 9
94%
Who is Harry's house elf friend? Dobby
94%
Which twin dies? Fred
94%
What are the names of the twins? Fred and George
94%
What is Harry's middle name? James
94%
What sport do they play in Harry's school? Quidditch
94%
Who is Harry's mortal enemy? Voldemort
94%
How many DADA teachers do they go through during Harry's time at school? 6
93%
What pet does Harry have? Owl
93%
What is Harry's position? Seeker
91%
Who is Harry's godfather? Sirius Black
91%
What is the name of said pet? Hedwig
90%
Who dies in The Goblet Of Fire? Cedric Diggory
88%
Who teaches Harry how to play this sport? Oliver Wood
86%
What is the name of the ghost which creates chaos throughout the school? Peeves
80%
What does Harry get given by the Weasley twins in The Prisoner Of Azkaban? Marauders map
74%
What are Harry's Parents names? Lily and James Potter
61%
What are The Deathly Hallows? Invisibility Cloak, Resurrection Stone, Elder Wand
13%
No matching quizzes found
Score Distribution
Percent of People with Each Score
Percentile by Number Answered
Your Score History
You have not taken this quiz